| 000 | 00809nam a2200253 a 4500 | ||
|---|---|---|---|
| 999 |
_c3505 _d3505 |
||
| 006 | a||||gr|||| 00| 0 | ||
| 007 | ta | ||
| 008 | 251128t2025 ii a|||gr|||| 0|0 ||eng|d | ||
| 020 |
_a9789348002761 _cRs. 795.00 |
||
| 040 |
_aKO _beng |
||
| 041 | 0 | _aeng | |
| 044 | _aii | ||
| 082 | 0 | 4 |
_223 _a346.5403 _bB2245 |
| 100 | 1 | _aBangia, R. K. | |
| 245 | 1 | 0 |
_aR. K. Bangia's the law of torts : _bincluding motor vehicles act, 1988, consumer protection act, 2019 and the competition act, 2002 / _cR. K. Bangia; revised by S. K. Raghuvanshi |
| 250 | _a27th ed. | ||
| 260 |
_aHaryana : _bAllahabad law agency, _c2025 |
||
| 300 |
_alvi, 768 p. : _b ; _c24 cm. |
||
| 650 | 0 |
_aconsumer protection _zIndia _xTextbooks |
|
| 650 | 0 |
_acompetition act _zIndia _xTextbooks |
|
| 904 | _aA_BOSE | ||
| 942 |
_cBK _2ddc |
||